Unité urbaine de Dives-sur-Mer sur une carte - Statistiques

Statistiques générales
  • Ce quiz a été pris 4 fois
  • Le résultat moyen est 9 sur 24
Réponses sur la Carte
Les réponses sont colorées sur une échelle allant du rouge au vert en fonction du pourcentage des utilisateurs qui les ont devinées à leur premier essai. Vous pouvez retrouver ces pourcentages ci-dessous.
 
Statistiques - réponses
Population (hab.) Commune % Correct
5 122 Dives-sur-Mer
100%
3 725 Cabourg
100%
3 539 Deauville
50%
2 231 Merville-Franceville-Plage
50%
306 Pennedepie
50%
429 Saint-Martin-aux-Chartrains
50%
3 913 Touques
50%
4 619 Trouville-sur-Mer
50%
2 440 Villers-sur-Mer
50%
609 Auberville
25%
367 Benerville-sur-Mer
25%
1 621 Blonville-sur-Mer
25%
307 Bonneville-sur-Touques
25%
224 Canapville
25%
246 Cricquebœuf
25%
113 Englesqueville-en-Auge
25%
652 Gonneville-sur-Mer
25%
1 834 Houlgate
25%
1 092 Saint-Arnoult
25%
125 Saint-Vaast-en-Auge
25%
846 Tourgéville
25%
257 Tourville-en-Auge
25%
1 022 Varaville
25%
620 Villerville
25%
Aucun quiz correspondant
Distribution des résultats
% des personnes avec chaque résultat
Percentile par nombre de réponses
Votre historique - résultats
Vous n’avez pas pris ce quiz